000 00499nam a2200157Ia 4500
008 230917s9999||||xx |||||||||||||| ||und||
040 _e178023
_aMAIN
041 _aEnglish
082 _a346.03 R187L
100 _aRanchhoddas, Ratanlal
245 0 _alaw of torts: with exaustive notes, comments and case law references; also containing commentary on motor vehicles a
250 _a26th ed.
260 _aNagpur
_bLexisNexis Butterworths Wadhwa
_c2010
300 _aclxxix, 963 p.
942 _cBK
999 _c156850
_d156850